[Event "Praha"]
[Site "?"]
[Date "2023.01.09"]
[Round "5.4"]
[White "Neuman, Petr"]
[Black "Jansen, Bob"]
[Result "1-0"]
[BlackElo "2194"]
[WhiteElo "2393"]
[LiveChessVersion "1.4.8"]

1. c4 {[%clk 1:24:08]} f5 {[%clk 1:30:43]} 2. g3 {[%clk 1:24:25]} Nf6
{[%clk 1:31:00]} 3. Bg2 {[%clk 1:24:42]} e6 {[%clk 1:31:07]} 4. Nf3
{[%clk 1:24:48]} d5 {[%clk 1:31:30]} 5. O-O {[%clk 1:25:01]} Bd6 {[%clk 1:31:05]}
6. d3 {[%clk 1:25:02]} dxc4 {[%clk 1:31:05]} 7. Qa4+ {[%clk 1:24:12]} Nc6
{[%clk 1:16:25]} 8. Nd4 {[%clk 1:20:22]} Bd7 {[%clk 1:03:13]} 9. Nxc6
{[%clk 1:15:48]} bxc6 {[%clk 1:03:10]} 10. Qxc4 {[%clk 1:15:41]} Nd5
{[%clk 1:03:05]} 11. e4 {[%clk 1:12:31]} fxe4 {[%clk 0:52:51]} 12. dxe4
{[%clk 1:12:47]} Nb6 {[%clk 0:53:15]} 13. Qc2 {[%clk 1:12:47]} e5
{[%clk 0:53:25]} 14. Be3 {[%clk 1:11:37]} O-O {[%clk 0:48:52]} 15. Nd2
{[%clk 1:11:17]} Qc8 {[%clk 0:43:18]} 16. Nb3 {[%clk 1:04:41]} Kh8
{[%clk 0:39:21]} 17. Rfc1 {[%clk 1:01:30]} Na4 {[%clk 0:29:34]} 18. Na5
{[%clk 0:57:44]} c5 {[%clk 0:26:05]} 19. b3 {[%clk 0:55:30]} Qa6 {[%clk 0:25:02]}
20. Qd2 {[%clk 0:54:56]} Nb2 {[%clk 0:13:59]} 21. Rc2 {[%clk 0:48:57]} Nd3
{[%clk 0:10:26]} 22. Bf1 {[%clk 0:48:34]} c4 {[%clk 0:08:25]} 23. Nxc4
{[%clk 0:48:25]} Nb4 {[%clk 0:07:40]} 24. Nxd6 {[%clk 0:48:38]} Qxd6
{[%clk 0:08:05]} 25. Bc5 {[%clk 0:48:52]} 1-0

[Event "Praha"]
[Site "?"]
[Date "2023.01.09"]
[Round "5.5"]
[White "Unneland, Mathias"]
[Black "Carlsson, Ludvig"]
[Result "1/2-1/2"]
[BlackElo "2349"]
[WhiteElo "2217"]
[LiveChessVersion "1.4.8"]

1. Nf3 {[%clk 1:26:58]} Nf6 {[%clk 1:30:53]} 2. g3 {[%clk 1:26:46]} b6
{[%clk 1:30:38]} 3. Bg2 {[%clk 1:26:52]} Bb7 {[%clk 1:31:02]} 4. O-O
{[%clk 1:26:45]} e6 {[%clk 1:31:14]} 5. c4 {[%clk 1:26:22]} Be7 {[%clk 1:31:12]}
6. d4 {[%clk 1:25:16]} O-O {[%clk 1:31:26]} 7. d5 {[%clk 1:24:16]} exd5
{[%clk 1:31:44]} 8. Nh4 {[%clk 1:24:34]} c6 {[%clk 1:31:48]} 9. cxd5
{[%clk 1:24:04]} Nxd5 {[%clk 1:32:07]} 10. Nf5 {[%clk 1:24:19]} Nc7
{[%clk 1:30:50]} 11. e4 {[%clk 1:23:11]} d5 {[%clk 1:31:11]} 12. exd5
{[%clk 1:19:59]} Nxd5 {[%clk 1:31:29]} 13. Nc3 {[%clk 1:20:07]} Bf6
{[%clk 1:31:50]} 14. Nxd5 {[%clk 0:50:04]} cxd5 {[%clk 1:32:10]} 15. Ne3
{[%clk 0:49:59]} Nd7 {[%clk 1:32:33]} 16. Nxd5 {[%clk 0:46:30]} Bxd5
{[%clk 1:32:54]} 17. Bxd5 {[%clk 0:43:27]} Rc8 {[%clk 1:33:17]} 18. Rb1
{[%clk 0:41:22]} h6 {[%clk 1:17:49]} 19. Re1 {[%clk 0:31:41]} Re8
{[%clk 1:16:59]} 20. Rxe8+ {[%clk 0:26:16]} Qxe8 {[%clk 1:17:21]} 21. Bf4
{[%clk 0:24:27]} Ne5 {[%clk 1:02:58]} 22. Qb3 {[%clk 0:20:04]} Rc7
{[%clk 1:02:50]} 23. Kg2 {[%clk 0:15:30]} g5 {[%clk 0:58:11]} 24. Bd2
{[%clk 0:12:41]} Nc4 {[%clk 0:57:30]} 25. Bc3 {[%clk 0:08:17]} Bxc3
{[%clk 0:43:24]} 26. Qxc3 {[%clk 0:08:41]} Qe5 {[%clk 0:43:48]} 27. Qd3
{[%clk 0:07:08]} b5 {[%clk 0:42:30]} 28. b3 {[%clk 0:05:49]} Nb6 {[%clk 0:42:47]}
29. Bf3 {[%clk 0:03:49]} Rc3 {[%clk 0:41:11]} 30. Qd8+ {[%clk 0:03:53]} Kg7
{[%clk 0:41:39]} 31. Rd1 {[%clk 0:03:41]} b4 {[%clk 0:36:59]} 32. Rd4
{[%clk 0:01:36]} Rc8 {[%clk 0:35:48]} 33. Qd6 {[%clk 0:01:43]} Qxd6
{[%clk 0:36:12]} 34. Rxd6 {[%clk 0:02:06]} Rc2 {[%clk 0:36:27]} 35. Rd4
{[%clk 0:02:17]} a5 {[%clk 0:36:24]} 36. Rd6 {[%clk 0:02:36]} Nc8
{[%clk 0:36:48]} 37. Rd7 {[%clk 0:02:40]} Kf6 {[%clk 0:36:38]} 38. Bh5
{[%clk 0:00:56]} Ne7 {[%clk 0:36:48]} 39. Rd6+ {[%clk 0:01:15]} Kg7
{[%clk 0:37:02]} 40. Rd7 {[%clk 0:01:38]} Ng6 {[%clk 0:37:06]} 41. Bxg6
{[%clk 0:00:48]} Kxg6 {[%clk 0:35:10]} 42. Rd6+ {[%clk 0:27:25]} Kg7
{[%clk 0:59:22]} 43. Ra6 {[%clk 0:23:23]} Rxa2 {[%clk 0:59:45]} 44. Kf3
{[%clk 0:22:02]} h5 {[%clk 0:50:44]} 45. h3 {[%clk 0:17:50]} Ra3 {[%clk 0:44:05]}
46. Ke4 {[%clk 0:14:16]} h4 47. gxh4 gxh4 {[%clk 0:44:52]} 48. Kf4
{[%clk 0:11:53]} Rxb3 {[%clk 0:45:04]} 49. Rxa5 {[%clk 0:12:16]} Rxh3
{[%clk 0:45:17]} 50. Kg4 {[%clk 0:12:31]} Rh1 {[%clk 0:32:01]} 51. Rb5
{[%clk 0:12:35]} f5+ {[%clk 0:29:51]} 52. Kxf5 {[%clk 0:11:44]} Rb1
{[%clk 0:30:15]} 53. Rb7+ {[%clk 0:10:03]} Kg8 {[%clk 0:30:39]} 54. Rb8+
{[%clk 0:09:39]} Kf7 {[%clk 0:30:37]} 55. Rh8 {[%clk 0:09:20]} Rh1
{[%clk 0:30:02]} 56. Rb8 {[%clk 0:09:39]} Rb1 {[%clk 0:29:13]} 57. Rh8
{[%clk 0:10:00]} Rf1 {[%clk 0:26:40]} 58. Rxh4 {[%clk 0:09:59]} b3
{[%clk 0:26:47]} 59. Rb4 {[%clk 0:10:07]} Rxf2+ {[%clk 0:27:12]} 60. Ke4
{[%clk 0:10:30]} b2 {[%clk 0:27:16]} 1/2-1/2

[Event "Praha"]
[Site "?"]
[Date "2023.01.09"]
[Round "5.6"]
[White "Dudek, Vojtech"]
[Black "Schneider, Jana"]
[Result "1/2-1/2"]
[BlackElo "2263"]
[WhiteElo "2134"]
[LiveChessVersion "1.4.8"]

1. e4 {[%clk 1:30:57]} e5 {[%clk 1:30:41]} 2. Nc3 {[%clk 1:31:14]} Nf6
{[%clk 1:30:59]} 3. Bc4 {[%clk 1:31:28]} Nxe4 {[%clk 1:31:02]} 4. Qh5
{[%clk 1:31:18]} Nd6 {[%clk 1:31:15]} 5. Qxe5+ {[%clk 1:29:58]} Qe7
{[%clk 1:31:32]} 6. Qxe7+ {[%clk 1:30:24]} Bxe7 {[%clk 1:31:53]} 7. Be2
{[%clk 1:30:50]} O-O {[%clk 1:31:51]} 8. Nf3 {[%clk 1:27:09]} Re8
{[%clk 1:29:02]} 9. d4 {[%clk 1:12:51]} Nc6 {[%clk 1:22:38]} 10. Nd5
{[%clk 1:00:17]} Bd8 {[%clk 1:22:01]} 11. Bf4 {[%clk 1:00:28]} Nf5
{[%clk 1:11:46]} 12. c3 {[%clk 0:57:35]} d6 {[%clk 1:11:29]} 13. Kd2
{[%clk 0:44:25]} Be6 {[%clk 1:09:15]} 14. Ne3 {[%clk 0:44:22]} Nxe3
{[%clk 1:06:27]} 15. Bxe3 {[%clk 0:42:43]} Ne7 {[%clk 1:02:27]} 16. Bf4
{[%clk 0:33:45]} h6 {[%clk 0:59:23]} 17. h4 {[%clk 0:31:43]} Nd5 {[%clk 0:58:39]}
18. Bg3 {[%clk 0:30:00]} Nf6 {[%clk 0:54:53]} 19. Bd3 {[%clk 0:30:09]} Bd5
{[%clk 0:54:29]} 20. Rhe1 {[%clk 0:29:00]} Ne4+ {[%clk 0:53:21]} 21. Kc2
{[%clk 0:17:33]} Bf6 {[%clk 0:49:38]} 22. c4 Bc6 23. Ne5 {[%clk 0:08:15]} dxe5
{[%clk 0:46:15]} 24. Bxe4 {[%clk 0:08:41]} Bxe4+ {[%clk 0:46:25]} 25. Rxe4
{[%clk 0:09:09]} exd4 {[%clk 0:46:41]} 26. Rae1 {[%clk 0:09:07]} Rxe4
{[%clk 0:43:18]} 27. Rxe4 {[%clk 0:09:34]} c5 {[%clk 0:43:07]} 28. h5
{[%clk 0:08:50]} Rc8 {[%clk 0:40:30]} 29. Kd3 {[%clk 0:08:22]} g6
{[%clk 0:34:58]} 30. hxg6 {[%clk 0:04:21]} fxg6 {[%clk 0:35:21]} 31. Re6
{[%clk 0:03:51]} Kf7 {[%clk 0:34:13]} 32. Rd6 {[%clk 0:03:57]} Re8
{[%clk 0:29:52]} 33. Rd5 {[%clk 0:03:16]} b6 {[%clk 0:29:18]} 34. a4
{[%clk 0:03:21]} Re1 {[%clk 0:10:43]} 35. Rd7+ {[%clk 0:03:39]} Ke8
{[%clk 0:10:40]} 36. Rxa7 {[%clk 0:02:21]} Bg5 {[%clk 0:11:08]} 37. Ra8+
{[%clk 0:01:46]} Kd7 {[%clk 0:11:36]} 38. Ra7+ {[%clk 0:02:07]} Kc8
{[%clk 0:10:56]} 39. Rc7+ {[%clk 0:01:11]} Kd8 {[%clk 0:11:19]} 40. Rb7
{[%clk 0:01:18]} Rd1+ {[%clk 0:11:06]} 41. Ke4 {[%clk 0:26:44]} Re1+
{[%clk 0:36:58]} 42. Kd3 {[%clk 0:26:12]} Rd1+ {[%clk 0:32:37]} 43. Ke4
{[%clk 0:26:31]} d3 {[%clk 0:31:55]} 44. Rb8+ {[%clk 0:24:01]} Kd7
{[%clk 0:31:45]} 45. Rb7+ {[%clk 0:21:36]} Ke8 {[%clk 0:31:42]} 46. Rb8+
{[%clk 0:21:23]} Kf7 {[%clk 0:31:40]} 47. Rb7+ {[%clk 0:21:16]} Ke6
{[%clk 0:27:47]} 48. Rxb6+ {[%clk 0:19:54]} Kf7 {[%clk 0:26:38]} 49. Rb7+
{[%clk 0:09:27]} Ke8 {[%clk 0:26:16]} 50. Rb8+ {[%clk 0:09:45]} Kd7
{[%clk 0:26:39]} 51. a5 {[%clk 0:09:14]} d2 {[%clk 0:10:08]} 52. Rb7+
{[%clk 0:09:29]} Ke8 {[%clk 0:09:54]} 53. Rb8+ {[%clk 0:09:46]} Kf7
{[%clk 0:08:57]} 54. Rb7+ {[%clk 0:10:04]} Ke6 {[%clk 0:08:17]} 55. Rb6+
{[%clk 0:10:23]} Kd7 {[%clk 0:07:52]} 56. Rb7+ {[%clk 0:10:42]} Ke8 1/2-1/2

[Event "Praha"]
[Site "?"]
[Date "2023.01.09"]
[Round "5.7"]
[White "Gijsen, William"]
[Black "Mitusov, Semen"]
[Result "0-1"]
[BlackElo "2397"]
[WhiteElo "2144"]
[LiveChessVersion "1.4.8"]

1. e4 {[%clk 1:30:56]} e5 {[%clk 1:29:33]} 2. Nc3 {[%clk 1:31:18]} Nc6
{[%clk 1:29:09]} 3. Bc4 {[%clk 1:31:40]} Nf6 {[%clk 1:29:06]} 4. d3
{[%clk 1:31:57]} Bb4 {[%clk 1:27:49]} 5. Nge2 {[%clk 1:30:54]} d5
{[%clk 1:26:46]} 6. exd5 {[%clk 1:30:38]} Nxd5 {[%clk 1:27:08]} 7. O-O
{[%clk 1:30:27]} Be6 {[%clk 1:27:15]} 8. Bb5 {[%clk 1:23:52]} O-O
{[%clk 1:15:10]} 9. Bd2 {[%clk 1:19:36]} Nde7 {[%clk 1:05:19]} 10. Ne4
{[%clk 1:10:34]} Bd6 {[%clk 1:01:13]} 11. Ng5 {[%clk 0:59:59]} Bg4
{[%clk 0:57:21]} 12. f3 {[%clk 0:57:21]} Bh5 {[%clk 0:52:56]} 13. Bc4
{[%clk 0:56:36]} Bc5+ {[%clk 0:51:28]} 14. Kh1 {[%clk 0:56:02]} Nd5
{[%clk 0:51:23]} 15. Ng3 {[%clk 0:50:23]} Bg6 {[%clk 0:49:41]} 16. N5e4
{[%clk 0:49:51]} Ne3 {[%clk 0:48:27]} 17. Bxe3 {[%clk 0:50:03]} Bxe3
{[%clk 0:48:52]} 18. Qe1 {[%clk 0:47:01]} Bb6 {[%clk 0:44:44]} 19. a4
{[%clk 0:44:16]} a5 {[%clk 0:42:54]} 20. Qd2 {[%clk 0:41:57]} Nb4
{[%clk 0:40:22]} 21. Bb3 {[%clk 0:34:48]} Nd5 {[%clk 0:35:20]} 22. Nc3
{[%clk 0:31:20]} Nxc3 {[%clk 0:29:33]} 23. bxc3 {[%clk 0:31:27]} c6
{[%clk 0:29:40]} 24. Rad1 {[%clk 0:20:15]} Bc7 {[%clk 0:29:16]} 25. Ne4
{[%clk 0:18:48]} Kh8 {[%clk 0:25:50]} 26. Qg5 {[%clk 0:17:38]} f6
{[%clk 0:21:32]} 27. Qh4 {[%clk 0:18:05]} Qe7 {[%clk 0:21:39]} 28. Rfe1
{[%clk 0:17:58]} Bf7 {[%clk 0:21:07]} 29. d4 {[%clk 0:15:58]} Rad8
{[%clk 0:20:08]} 30. f4 {[%clk 0:15:58]} Bxb3 {[%clk 0:19:00]} 31. cxb3
{[%clk 0:16:09]} Qf7 {[%clk 0:18:32]} 32. fxe5 {[%clk 0:16:05]} fxe5
{[%clk 0:18:12]} 33. Ng5 {[%clk 0:15:52]} Qg6 {[%clk 0:16:50]} 34. h3
{[%clk 0:12:28]} h6 {[%clk 0:15:55]} 35. Nf3 {[%clk 0:07:29]} exd4
{[%clk 0:12:02]} 36. Rxd4 {[%clk 0:04:21]} Rxd4 {[%clk 0:10:58]} 37. cxd4
{[%clk 0:03:44]} Bd6 {[%clk 0:06:14]} 38. Ne5 {[%clk 0:03:21]} Qf5
{[%clk 0:05:52]} 39. Qe4 {[%clk 0:02:28]} Qxe4 {[%clk 0:04:11]} 40. Rxe4
{[%clk 0:02:56]} Rf1+ {[%clk 0:04:18]} 41. Kh2 {[%clk 0:03:18]} Kh7
{[%clk 0:01:18]} 42. g4 {[%clk 0:26:30]} Rf3 {[%clk 0:25:31]} 43. Kg2
{[%clk 0:26:41]} Rxb3 {[%clk 0:25:49]} 44. Nc4 {[%clk 0:26:51]} Bc7
{[%clk 0:22:03]} 45. Re7 {[%clk 0:26:30]} Bd8 {[%clk 0:22:24]} 46. Rd7
{[%clk 0:26:36]} Rb4 {[%clk 0:22:26]} 47. Nd6 {[%clk 0:26:01]} Bf6
{[%clk 0:22:41]} 48. Nxb7 {[%clk 0:25:20]} Rxa4 {[%clk 0:22:50]} 49. d5
{[%clk 0:25:14]} cxd5 {[%clk 0:22:40]} 50. Rxd5 {[%clk 0:25:36]} Ra2+
{[%clk 0:23:03]} 51. Kf3 {[%clk 0:24:10]} a4 {[%clk 0:23:23]} 52. Ra5
{[%clk 0:24:19]} a3 {[%clk 0:22:57]} 53. Nd6 {[%clk 0:23:20]} Ra1
{[%clk 0:22:40]} 54. Kg2 {[%clk 0:20:07]} Bc3 {[%clk 0:23:01]} 55. Ra6
{[%clk 0:19:38]} Bb2 {[%clk 0:23:05]} 56. Nc4 {[%clk 0:18:55]} Rc1
{[%clk 0:22:52]} 57. Ne3 {[%clk 0:18:50]} Rc3 {[%clk 0:22:48]} 58. Nf5
{[%clk 0:18:46]} Rc7 {[%clk 0:21:29]} 59. h4 {[%clk 0:17:58]} Kg8
{[%clk 0:21:27]} 60. h5 {[%clk 0:18:04]} Kf7 {[%clk 0:21:32]} 61. Kf3
{[%clk 0:18:08]} Rc1 {[%clk 0:21:23]} 62. Ke2 {[%clk 0:16:36]} Rg1
{[%clk 0:17:11]} 63. Kf3 {[%clk 0:16:54]} Ra1 {[%clk 0:16:55]} 64. Kg2
{[%clk 0:16:36]} Bf6 {[%clk 0:15:27]} 65. Ra7+ {[%clk 0:15:43]} Ke6
{[%clk 0:13:56]} 66. Nxg7+ {[%clk 0:15:20]} Kd5 {[%clk 0:13:39]} 67. Nf5
{[%clk 0:14:13]} Bg5 {[%clk 0:12:56]} 68. Ra4 {[%clk 0:13:36]} a2
{[%clk 0:12:27]} 69. Kh2 {[%clk 0:12:12]} Kc5 {[%clk 0:12:10]} 70. Nd4
{[%clk 0:12:25]} Bf4+ {[%clk 0:10:10]} 71. Kg2 {[%clk 0:12:30]} Rb1
{[%clk 0:10:31]} 72. Kf3 {[%clk 0:07:25]} Be5 {[%clk 0:09:52]} 73. Rxa2
{[%clk 0:06:17]} Kxd4 {[%clk 0:09:46]} 74. Rd2+ {[%clk 0:05:07]} Kc5
{[%clk 0:09:18]} 75. Ke4 {[%clk 0:05:10]} Bf6 {[%clk 0:09:32]} 76. Rf2
{[%clk 0:03:30]} Bg5 {[%clk 0:09:46]} 77. Kf5 {[%clk 0:02:47]} Kd6
{[%clk 0:09:39]} 78. Ke4 {[%clk 0:02:35]} Rb3 {[%clk 0:09:44]} 79. Rg2
{[%clk 0:02:42]} Rc3 {[%clk 0:09:43]} 80. Kd4 {[%clk 0:02:43]} Rf3
{[%clk 0:09:56]} 81. Ke4 {[%clk 0:02:57]} Rf4+ {[%clk 0:10:19]} 82. Kd3
{[%clk 0:03:08]} Kd5 {[%clk 0:10:44]} 83. Rg1 {[%clk 0:03:09]} Ra4
{[%clk 0:10:15]} 84. Rg2 {[%clk 0:03:04]} Ra3+ {[%clk 0:10:21]} 85. Ke2
{[%clk 0:03:21]} Ke4 {[%clk 0:10:40]} 86. Kf2 {[%clk 0:02:53]} Rh3
{[%clk 0:08:22]} 87. Rg1 {[%clk 0:02:01]} Kf4 {[%clk 0:08:29]} 88. Rg2
{[%clk 0:02:17]} Ra3 {[%clk 0:08:00]} 89. Kg1 {[%clk 0:02:25]} Kf3
{[%clk 0:07:37]} 90. Kh1 {[%clk 0:01:27]} Bf4 {[%clk 0:07:24]} 91. Rg1
{[%clk 0:01:05]} Ra2 {[%clk 0:07:38]} 92. Rf1+ {[%clk 0:01:01]} Kxg4
{[%clk 0:07:53]} 93. Rg1+ {[%clk 0:01:14]} Kxh5 {[%clk 0:08:04]} 94. Rg2
{[%clk 0:01:37]} Ra3 {[%clk 0:08:26]} 95. Rg1 {[%clk 0:01:52]} Kh4
{[%clk 0:08:39]} 96. Rg2 {[%clk 0:02:01]} h5 {[%clk 0:08:56]} 97. Rg1
{[%clk 0:02:24]} Bg3 {[%clk 0:09:18]} 98. Rg2 {[%clk 0:02:47]} Kg4
{[%clk 0:09:35]} 99. Rb2 {[%clk 0:02:55]} Kf3 {[%clk 0:09:19]} 100. Rb1
{[%clk 0:03:03]} Ra2 {[%clk 0:08:41]} 101. Rc1 {[%clk 0:03:06]} Kg4
{[%clk 0:08:55]} 102. Rb1 {[%clk 0:03:17]} Kh3 {[%clk 0:09:19]} 103. Rc1
{[%clk 0:03:35]} Rh2+ {[%clk 0:09:41]} 104. Kg1 {[%clk 0:03:56]} Bf2+
{[%clk 0:10:06]} 0-1

[Event "Praha"]
[Site "?"]
[Date "2023.01.09"]
[Round "5.8"]
[White "Ivanov, Mike"]
[Black "Sindler, Michal"]
[Result "1/2-1/2"]
[BlackElo "2141"]
[WhiteElo "2319"]
[LiveChessVersion "1.4.8"]

1. e4 {[%clk 1:30:49]} c5 {[%clk 1:30:46]} 2. Nc3 {[%clk 1:31:10]} d6
{[%clk 1:30:18]} 3. d4 {[%clk 1:30:16]} cxd4 {[%clk 1:29:27]} 4. Qxd4
{[%clk 1:30:43]} Nf6 {[%clk 1:27:31]} 5. b3 {[%clk 1:30:43]} e6 {[%clk 1:26:30]}
6. Bb2 {[%clk 1:30:33]} Be7 {[%clk 1:26:24]} 7. O-O-O {[%clk 1:29:14]} O-O
{[%clk 1:26:03]} 8. Kb1 {[%clk 1:26:11]} Nc6 {[%clk 1:25:08]} 9. Qd2
{[%clk 1:25:18]} Qa5 {[%clk 1:21:26]} 10. f3 {[%clk 1:20:57]} Rd8
{[%clk 1:20:25]} 11. Bd3 {[%clk 1:13:07]} d5 {[%clk 1:13:14]} 12. exd5
{[%clk 1:10:45]} Nb4 {[%clk 1:08:59]} 13. Nge2 {[%clk 0:51:09]} Nfxd5
{[%clk 1:00:01]} 14. a4 {[%clk 0:49:12]} Nxd3 {[%clk 0:51:33]} 15. Qxd3
{[%clk 0:49:08]} b6 {[%clk 0:50:06]} 16. Nxd5 {[%clk 0:47:52]} Rxd5
{[%clk 0:44:48]} 17. Qc3 {[%clk 0:48:08]} Qxc3 {[%clk 0:44:08]} 18. Nxc3
{[%clk 0:47:48]} Rxd1+ {[%clk 0:43:13]} 19. Rxd1 {[%clk 0:48:04]} f6
{[%clk 0:40:21]} 20. Nb5 {[%clk 0:27:54]} Kf8 {[%clk 0:31:17]} 21. Nd6
{[%clk 0:17:22]} Ba6 {[%clk 0:28:25]} 22. Nb5 {[%clk 0:17:50]} Bc8
{[%clk 0:24:21]} 23. Nd6 {[%clk 0:18:18]} Ba6 {[%clk 0:24:27]} 24. Nb5
{[%clk 0:18:26]} 1/2-1/2

[Event "Praha"]
[Site "?"]
[Date "2023.01.09"]
[Round "5.9"]
[White "Krivanek, Vladimir"]
[Black "Sorm, Daniel"]
[Result "0-1"]
[BlackElo "2302"]
[WhiteElo "2142"]
[LiveChessVersion "1.4.8"]

1. d4 {[%clk 1:19:15]} d5 {[%clk 1:29:37]} 2. c4 {[%clk 1:19:23]} e6
{[%clk 1:29:09]} 3. Nc3 {[%clk 1:19:19]} Nf6 {[%clk 1:29:17]} 4. g3
{[%clk 1:16:50]} c6 {[%clk 1:24:55]} 5. Nf3 {[%clk 1:12:07]} dxc4
{[%clk 1:23:40]} 6. Bg2 {[%clk 1:09:29]} b5 {[%clk 1:21:23]} 7. Ne5
{[%clk 1:05:05]} Nd5 {[%clk 1:21:13]} 8. O-O {[%clk 1:00:47]} Bb7
{[%clk 1:20:39]} 9. a4 {[%clk 0:55:50]} a6 {[%clk 1:20:41]} 10. e4
{[%clk 0:47:10]} Nxc3 {[%clk 1:20:41]} 11. bxc3 {[%clk 0:47:14]} Nd7
{[%clk 1:20:24]} 12. Bf4 {[%clk 0:36:04]} Nf6 {[%clk 1:09:44]} 13. Qb1
{[%clk 0:28:53]} Qc8 {[%clk 1:08:24]} 14. d5 {[%clk 0:24:15]} cxd5
{[%clk 1:07:53]} 15. axb5 {[%clk 0:23:22]} Be7 {[%clk 0:50:31]} 16. bxa6
{[%clk 0:20:03]} Bxa6 {[%clk 0:50:43]} 17. exd5 {[%clk 0:19:27]} Nxd5
{[%clk 0:51:06]} 18. Rd1 {[%clk 0:09:40]} O-O {[%clk 0:50:16]} 19. Bxd5
{[%clk 0:07:28]} exd5 {[%clk 0:50:24]} 20. Be3 {[%clk 0:04:55]} Bd6
{[%clk 0:32:43]} 21. Bd4 {[%clk 0:04:33]} Bxe5 {[%clk 0:26:49]} 22. Bxe5
{[%clk 0:04:54]} d4 {[%clk 0:27:01]} 23. Rxd4 {[%clk 0:03:22]} Bb7
{[%clk 0:26:18]} 24. Rxa8 {[%clk 0:03:23]} Bxa8 {[%clk 0:26:40]} 25. Rh4
{[%clk 0:02:37]} h6 {[%clk 0:22:30]} 26. Qd1 {[%clk 0:02:48]} Re8
{[%clk 0:18:24]} 27. Bd4 {[%clk 0:01:49]} Qf5 {[%clk 0:15:47]} 28. f3
{[%clk 0:01:56]} Bxf3 {[%clk 0:14:21]} 29. Qf1 {[%clk 0:02:09]} Qd3
{[%clk 0:05:45]} 30. Rf4 {[%clk 0:02:17]} Bd5 {[%clk 0:06:05]} 31. Rg4
{[%clk 0:00:39]} g5 {[%clk 0:04:08]} 32. h4 {[%clk 0:00:46]} Rb8 {[%clk 0:02:50]}
33. Qxd3 {[%clk 0:00:31]} cxd3 {[%clk 0:03:13]} 34. Be3 {[%clk 0:00:48]} Rb1+
{[%clk 0:02:13]} 35. Kf2 {[%clk 0:01:10]} Rb2+ {[%clk 0:02:32]} 36. Kf1
{[%clk 0:01:05]} d2 {[%clk 0:01:40]} 37. Rd4 {[%clk 0:01:11]} Bc4+
{[%clk 0:01:56]} 38. Kg1 {[%clk 0:00:42]} Rb1+ {[%clk 0:02:14]} 0-1

[Event "Praha"]
[Site "?"]
[Date "2023.01.09"]
[Round "5.10"]
[White "Goroshkov, Maksym"]
[Black "Koridze, Lile"]
[Result "1/2-1/2"]
[BlackElo "2139"]
[WhiteElo "2261"]
[LiveChessVersion "1.4.8"]

1. e4 {[%clk 1:30:47]} c5 {[%clk 1:30:56]} 2. Nf3 {[%clk 1:30:30]} d6
{[%clk 1:31:16]} 3. d4 {[%clk 1:30:54]} cxd4 {[%clk 1:31:40]} 4. Nxd4
{[%clk 1:31:19]} Nf6 {[%clk 1:32:02]} 5. Nc3 {[%clk 1:31:44]} a6 {[%clk 1:32:27]}
6. Nb3 {[%clk 1:25:53]} e6 {[%clk 1:29:49]} 7. Be2 {[%clk 1:25:19]} Be7
{[%clk 1:27:19]} 8. Be3 {[%clk 1:25:20]} Nbd7 {[%clk 1:24:26]} 9. a4
{[%clk 1:21:27]} b6 {[%clk 1:22:58]} 10. f4 {[%clk 1:05:50]} Bb7 {[%clk 1:18:45]}
11. Bf3 {[%clk 1:06:01]} Qc7 {[%clk 1:15:03]} 12. O-O {[%clk 1:05:46]} O-O
{[%clk 1:14:41]} 13. Qe2 {[%clk 1:04:08]} Nc5 {[%clk 1:12:12]} 14. a5
{[%clk 0:58:15]} b5 {[%clk 1:09:52]} 15. Nxc5 {[%clk 0:56:13]} dxc5
{[%clk 1:10:04]} 16. e5 {[%clk 0:56:07]} Nd5 {[%clk 1:08:35]} 17. Nxd5
{[%clk 0:56:21]} Bxd5 {[%clk 1:08:12]} 18. Bxd5 {[%clk 0:55:54]} exd5
{[%clk 1:08:38]} 19. Rae1 {[%clk 0:55:34]} f6 {[%clk 1:03:08]} 20. Bd2
{[%clk 0:53:58]} Rae8 {[%clk 0:58:58]} 21. exf6 {[%clk 0:49:04]} Bxf6
{[%clk 0:58:57]} 22. Qxe8 {[%clk 0:49:19]} Rxe8 {[%clk 0:59:22]} 23. Rxe8+
{[%clk 0:49:45]} Kf7 {[%clk 0:59:47]} 24. Rfe1 {[%clk 0:49:55]} b4
{[%clk 0:57:07]} 25. Ra8 {[%clk 0:48:42]} Bd4+ {[%clk 0:45:17]} 26. Kh1
{[%clk 0:48:17]} Qxa5 {[%clk 0:42:32]} 27. Ra7+ {[%clk 0:40:53]} Kf8
{[%clk 0:35:07]} 28. f5 {[%clk 0:34:04]} Bf2 {[%clk 0:21:59]} 29. Ra8+
{[%clk 0:33:15]} Kf7 {[%clk 0:22:14]} 30. Ra7+ {[%clk 0:33:41]} Kf8
{[%clk 0:22:10]} 1/2-1/2

[Event "Praha"]
[Site "?"]
[Date "2023.01.09"]
[Round "5.11"]
[White "Wiley, Tom E"]
[Black "Soucek, Petr"]
[Result "1-0"]
[BlackElo "2250"]
[WhiteElo "2131"]
[LiveChessVersion "1.4.8"]

1. d4 {[%clk 1:30:59]} Nf6 {[%clk 1:30:59]} 2. c4 {[%clk 1:31:22]} g6
{[%clk 1:31:23]} 3. Nc3 {[%clk 1:31:48]} Bg7 {[%clk 1:31:50]} 4. e4
{[%clk 1:32:12]} d6 {[%clk 1:32:18]} 5. Nf3 {[%clk 1:32:37]} O-O {[%clk 1:32:43]}
6. h3 {[%clk 1:32:59]} Nbd7 {[%clk 1:27:09]} 7. Bg5 {[%clk 1:28:08]} e5
{[%clk 1:13:25]} 8. d5 {[%clk 1:28:29]} h6 {[%clk 1:13:16]} 9. Be3
{[%clk 1:28:49]} Nxe4 {[%clk 0:49:40]} 10. Nxe4 {[%clk 1:28:34]} f5
{[%clk 0:47:29]} 11. Nc3 {[%clk 1:27:43]} f4 {[%clk 0:46:45]} 12. Bc1
{[%clk 1:26:26]} Nc5 {[%clk 0:33:34]} 13. Nd2 {[%clk 0:52:28]} Bf5
{[%clk 0:32:06]} 14. Nb3 {[%clk 0:52:14]} Qh4 {[%clk 0:22:45]} 15. Nxc5
{[%clk 0:51:26]} dxc5 {[%clk 0:23:09]} 16. Qf3 {[%clk 0:40:24]} Rae8
{[%clk 0:09:16]} 17. Ne4 {[%clk 0:35:08]} g5 {[%clk 0:07:16]} 18. Bd3
{[%clk 0:32:56]} g4 {[%clk 0:05:04]} 19. Qd1 {[%clk 0:27:58]} Qh5
{[%clk 0:01:54]} 20. f3 {[%clk 0:22:45]} Qh4+ {[%clk 0:01:16]} 21. Ke2
{[%clk 0:22:54]} gxf3+ {[%clk 0:01:16]} 22. gxf3 {[%clk 0:22:58]} Kh8
{[%clk 0:01:31]} 23. Bd2 {[%clk 0:22:33]} b6 {[%clk 0:01:25]} 24. Qe1
{[%clk 0:22:24]} Qd8 {[%clk 0:01:01]} 25. Bc3 {[%clk 0:22:31]} c6
{[%clk 0:00:59]} 26. dxc6 {[%clk 0:20:37]} Qc7 {[%clk 0:00:52]} 27. Kd2
{[%clk 0:20:29]} Rd8 {[%clk 0:00:50]} 28. Kc2 {[%clk 0:20:54]} Qxc6
{[%clk 0:01:13]} 29. Qe2 {[%clk 0:21:02]} Rd7 {[%clk 0:00:59]} 30. Rad1
{[%clk 0:21:00]} a6 {[%clk 0:00:46]} 31. Kb1 {[%clk 0:21:07]} Be6
{[%clk 0:01:00]} 32. Nf2 {[%clk 0:20:15]} Qc7 {[%clk 0:00:48]} 33. Be4
{[%clk 0:20:08]} Rfd8 {[%clk 0:00:47]} 34. b3 {[%clk 0:20:03]} b5
{[%clk 0:01:04]} 35. Bd3 {[%clk 0:15:18]} Rb8 {[%clk 0:00:42]} 36. Rhe1
{[%clk 0:14:18]} Rxd3 {[%clk 0:00:38]} 37. Nxd3 {[%clk 0:14:16]} bxc4
{[%clk 0:00:52]} 38. Nb2 {[%clk 0:07:12]} cxb3 {[%clk 0:00:40]} 39. Bxe5
{[%clk 0:07:05]} bxa2+ {[%clk 0:00:55]} 40. Ka1 {[%clk 0:07:28]} Bxe5
{[%clk 0:01:15]} 41. Qxe5+ {[%clk 0:07:52]} Qxe5 {[%clk 0:01:42]} 42. Rxe5
{[%clk 0:08:17]} Bb3 {[%clk 0:02:06]} 43. Rc1 {[%clk 0:07:20]} c4
{[%clk 0:02:28]} 44. Rc5 {[%clk 0:06:20]} Rg8 {[%clk 0:02:34]} 45. Nxc4
{[%clk 0:06:01]} Rg3 {[%clk 0:02:53]} 46. Nd2 {[%clk 0:30:00]} Bg8
{[%clk 0:33:11]} 47. Ne4 {[%clk 0:26:53]} Rxf3 {[%clk 0:32:53]} 48. Rc8
{[%clk 0:27:07]} Kg7 {[%clk 0:33:11]} 49. Rg1+ {[%clk 0:27:28]} 1-0